00830nac a22002411u 4500010001600000020002400016082001900040090001500059100003400074245005300108250001200161260005900173300002900232500001500261500004100276504003900317650002200356650002300378650002500401942002100426999001500447952012600462 a 82004120 a0443027242 (pbk.) :00a616.042bEm362 c3540d3540 aEmery, Alan E. H. 10aElements of medical genetics /cAlan E.H. Emery. a6th ed. aEdinburgh ;aNew York :bChurchill Livingstone,c1983. a283 p. :bill. ;c22 cm. aDonations. aDonations - Bibliotheca Alexandrina. aIncludes bibliographies and index. 0aMedical genetics. 0aGenetics, Medical. 0aHereditary diseases. cBBk616.042Em362 c3540d3540 00102ddc4070aMAINbMAINc1STd2007-04-29ePurchasel2m1o616.042 EMEp000039479r2025-07-15 00:00:00s2020-02-26yBB